| 000 | 00616nam a22002177a 4500 | ||
|---|---|---|---|
| 999 |
_c174096 _d174096 |
||
| 005 | 20200317131249.0 | ||
| 010 | _aENG-128082 | ||
| 020 | _c250.00 | ||
| 035 | _aEN-111614 | ||
| 037 | _bDBAD/PUB | ||
| 082 | _a920 | ||
| 245 |
_aBioCritique of Bijay Kumar Das/ _cedited by Mohanty, Ashok Kumar |
||
| 260 |
_aCuttack _bMrs. Kalpana Das _c2017 |
||
| 270 |
_aD/221, Sector-7, CDA _bCuttack _e753014 |
||
| 300 |
_a228p. _c21cm(pbk) |
||
| 700 | _aChowdhury, Anupama | ||
| 700 | _aParveen, Bilkesh | ||
| 700 | _aManna, Mousumi C. | ||
| 700 | _aMishra, Pravat Kumar | ||
| 942 |
_2ddc _cEN _h920 _mBIO |
||